LEADER 01096nam0-22003731i-450- 001 990005470320203316 005 20010829120000.0 035 $a000547032 035 $aUSA01000547032 035 $a(ALEPH)000547032USA01 035 $a000547032 100 $a20010829d1977-------|0enac50------ba 101 $aeng 102 $aUS 105 $a|||| ||||| 200 1 $aBalance of payments Manual$fIMF 210 $aFourth Edition 215 $aWashinhton$cFourth Edition, 1977 - 203 p.$d23 cm. 606 $aBilancia dei pagamenti$2FI 620 $dWashington 676 $a382.17$cBilancia dei pagamenti$v21 710 02$aFondo monetario internazionale$0523825 712 $aInternational Monetary Fund 801 $aIT$bSOL$c20120104 912 $a990005470320203316 950 $aDIP.TO SCIENZE ECONOMICHE - (SA)$dDS 300 382.17 INT$e576 DISES 951 $a300 382.17 INT$b576 DISES 959 $aBK 969 $aDISES 979 $c20121027$lUSA01$h1532 979 $c20121027$lUSA01$h1613 996 $aBalance of payments Manual$91475781 997 $aUNISA NUM $aUSA7263 LEADER 01450nam 2200385 450 001 9910702407303321 005 20140718090355.0 035 $a(CKB)5470000002428100 035 $a(OCoLC)883892498 035 $a(EXLCZ)995470000002428100 100 $a20140718d1934 ua 0 101 0 $aeng 135 $aurbn||||||||| 181 $ctxt$2rdacontent 182 $cc$2rdamedia 183 $acr$2rdacarrier 200 10$aCode of fair competition for the household ice refrigerator industry as approved on December 30, 1933 by President Roosevelt 210 1$aWashington :$cUnited States Government Printing Office,$d1934. 215 $a1 online resource (14 unnumbered pages) 300 $aTitle from title screen (viewed July 18, 2014). 300 $aAt head of title: National Recovery Administration. 300 $a"Registry No. 1328-1-01." 300 $a"Approved Code No. 183." 300 $aPublication pre-dates item numbers. No item number has been assigned. 517 3 $aHousehold ice refrigerator industry 606 $aRefrigerators$zUnited States$xEquipment and supplies 606 $aIce 615 0$aRefrigerators$xEquipment and supplies. 615 0$aIce. 801 0$bGPO 801 1$bGPO 906 $aBOOK 912 $a9910702407303321 996 $aCode of fair competition for the household ice refrigerator industry as approved on December 30, 1933 by President Roosevelt$93195935 997 $aUNINA LEADER 03173nam 2200553Ia 450 001 9910781999603321 005 20230725051547.0 010 $a1-57506-618-1 035 $a(CKB)2550000000052396 035 $a(OCoLC)759160107 035 $a(CaPaEBR)ebrary10495942 035 $a(SSID)ssj0000534085 035 $a(PQKBManifestationID)11331195 035 $a(PQKBTitleCode)TC0000534085 035 $a(PQKBWorkID)10493154 035 $a(PQKB)11450841 035 $a(MiAaPQ)EBC3155587 035 $a(Au-PeEL)EBL3155587 035 $a(CaPaEBR)ebr10495942 035 $a(EXLCZ)992550000000052396 100 $a20091228d2010 uy 0 101 0 $aeng 135 $aurcn||||||||| 181 $ctxt 182 $cc 183 $acr 200 10$aAramaic in postbiblical Judaism and early Christianity$b[electronic resource] $epapers from the 2004 National Endowment for the Humanities Summer Seminar at Duke University /$fedited by Eric M. Meyers and Paul V.M. Flesher 210 $aWinona Lake, Ind. $cEisenbrauns$d2010 215 $a1 online resource (322 p.) 225 1 $aDuke Judaic studies series ;$vv. 3 300 $aBibliographic Level Mode of Issuance: Monograph 311 $a1-57506-178-3 320 $aIncludes bibliographical references and indexes. 327 $aAwakening sleeping texts. Reconsidering the letter of Mara Bar Serapion / David Rensberger ; Transgressive: meaning and implications of 'wl' in Jewish Syriac text and translation / Sigrid Peterson ; The composition of the Qenneshra?e fragment / Michael Penn ; A note on an Aramaic date formula found at Nabratein and Zoar / Eric M. Meyers ; When? After the destruction of the temple / Paul V.M. Flesher -- The details of language. The function of the active participle in the Aramaic of Daniel / Tarsee Li ; Tracing the history of a legal term of art: the word azarah in biblical, Tannaitic, and Targumic literature / Madeline Kochen ; The adverb YLWA ("perhaps") in the piety and prophecy of the Hebrew Bible and early versions / William Reader ; Translating the Hebrew particle UA YK into Aramaic and English: an exploration through the Targums and the Peshitta / Blane W. Conklin -- Recasting : Making an old text new. The use of the first person in the Genesis apocryphon / Stephen A. Reed ; Syntactic double translation in the Targumim / Michael Carasik ; The fish grows bigger: angelic insertions in Targums Neofiti and pseudo-Jonathan / David L. Everson ; Hapax Legomena and the development of proto-Onqelos: the case of Genesis / Kyong-Jin Lee ; The wisdom of the sages: Rabbinic rewriting of Qohelet / Paul V.M. Flesher. 410 0$aDuke Judaic studies series ;$vv. 3. 606 $aAramaic language$vCongresses 606 $aSyriac language$vCongresses 615 0$aAramaic language 615 0$aSyriac language 676 $a492.2 701 $aFlesher$b Paul Virgil McCracken$01472147 701 $aMeyers$b Eric M$0647292 801 0$bMiAaPQ 801 1$bMiAaPQ 801 2$bMiAaPQ 906 $aBOOK 912 $a9910781999603321 996 $aAramaic in postbiblical Judaism and early Christianity$93684837 997 $aUNINA LEADER 01679nam 2200541 450 001 9910823046703321 005 20211109143715.0 010 $a978-1-84334-730-9 010 $a1-78063-396-3 035 $a(CKB)2670000000585835 035 $a(CaPaEBR)ebrary11000049 035 $a(SSID)ssj0001453052 035 $a(MiAaPQ)EBC1887724 035 $a(CaSebORM)9781843347309 035 $a(PPN)198682212 035 $a(EXLCZ)992670000000585835 100 $a20150110h20152015 uy 0 101 0 $aeng 135 $aurcnu|||||||| 181 $ctxt$2rdacontent 182 $cc$2rdamedia 183 $acr$2rdacarrier 200 10$aDisaster planning for libraries $eprocess and guidelines /$fGuy Robertson 205 $a1st edition. 210 1$aKidlington, [England] :$cChandos Publishing,$d2015. 210 4$aŠ2015 215 $a1 online resource (230 p.) 225 1 $aChandos Information Professional Series 311 $a1-322-47875-9 410 0$aChandos information professional series. 606 $aLibraries$xSecurity measures 606 $aLibraries$xSafety measures 606 $aBibliothek$2gnd$3(DE-588)4006439-6 606 $aBibliotheksplanung$2gnd$3(DE-588)4145272-0 606 $aSicherheit$2gnd$3(DE-588)4054790-5 615 0$aLibraries$xSecurity measures. 615 0$aLibraries$xSafety measures. 615 7$aBibliothek 615 7$aBibliotheksplanung 615 7$aSicherheit 676 $a025.82 700 $aRobertson$b Guy$f1954-$0762924 801 0$bMiAaPQ 801 2$bSz-ChBGR 906 $aBOOK 912 $a9910823046703321 996 $aDisaster planning for libraries$94041826 997 $aUNINA LEADER 03636nam 2200517 450 001 9910828032003321 005 20200520144314.0 010 $a1-119-42250-7 010 $a1-119-42251-5 010 $a1-119-42249-3 035 $a(CKB)4100000007121727 035 $a(Au-PeEL)EBL5569384 035 $a(OCoLC)1049575593 035 $a(CaSebORM)9781119422488 035 $a(MiAaPQ)EBC5569384 035 $a(PPN)258428929 035 $a(EXLCZ)994100000007121727 100 $a20181118d2019 uy 0 101 0 $aeng 135 $aurcnu|||||||| 181 $ctxt$2rdacontent 182 $cc$2rdamedia 183 $acr$2rdacarrier 200 10$aDynamics and control of robotic manipulators with contact and friction /$fShiping Liu, Gang (Sheng) Chen 205 $aFirst edition. 210 1$aHoboken, NJ :$cWiley,$d2019. 215 $a1 online resource (255 pages) 311 $a1-119-42248-5 320 $aIncludes bibliographical references and index. 330 $aA comprehensive guide to the friction, contact and impact on robot control and force feedback mechanism Dynamics and Control of Robotic Manipulators with Contact and Friction offers an authoritative guide to the basic principles of robot dynamics and control with a focus on contact and friction. The authors discuss problems in interaction between human and real or virtual robot where dynamics with friction and contact are relevant. The book fills a void in the literature with a need for a text that considers the contact and friction generated in robot joints during their movements. Designed as a practical resource, the text provides the information needed for task planning in view of contact, impact and friction for the designer of a robot control system for high accuracy and long durability. The authors include a review of the most up-to-date advancements in robot dynamics and control. It contains a comprehensive resource to the effective design and fabrication of robot systems and components for engineering and scientific purposes. This important guide: Offers a comprehensive reference with systematic treatment and a unified framework Includes simulation and experiments used in dynamics and control of robot considering contact, impact and friction Discusses the most current tribology methodology used to treat the multiple?scale effects Contains valuable descriptions of experiments and software used Presents illustrative accounts on the methods employed to handle friction in the closed loop, including the principles, implementation, application scope, merits and demerits Offers a cohesive treatment that covers tribology and multi-scales, multi-physics and nonlinear stochastic dynamics control Written for graduate students of robotics, mechatronics, mechanical engineering, tracking control and practicing professionals and industrial researchers, Dynamics and Control of Robotic Manipulators with Contact and Friction offers a review to effective design and fabrication of stable and durable robot system and components. 606 $aRobots$xDynamics 606 $aManipulators (Mechanism)$xAutomatic control 606 $aTribology 615 0$aRobots$xDynamics. 615 0$aManipulators (Mechanism)$xAutomatic control. 615 0$aTribology. 676 $a629.8/933 700 $aLiu$b Shiping$f1971-$01642552 702 $aChen$b Gang$c(Mechanical engineer), 801 0$bMiAaPQ 801 1$bMiAaPQ 801 2$bMiAaPQ 906 $aBOOK 912 $a9910828032003321 996 $aDynamics and control of robotic manipulators with contact and friction$93987319 997 $aUNINA